000 00629nam a2200193Ia 4500
008 151121s9999||||xx |||||||||||||| ||und||
082 _aबा। वि।
082 _bHNW-79784
100 _aविनीता कृष्णा
245 _aनीना की नानी
260 _b"कुलकर्णी प्रकाशन, बेळगाव।"
260 _c--
300 _a0
600 _aविनीता कृष्णा
630 _aनीना की नानी
700 _aविनीता कृष्णा
730 _aनीना की नानी
942 _cBOOK
999 _c1261140
_d1261137